Responses for Show #6547 - Tuesday, February 19, 2013

2013 Tournament of Champions quarterfinal game 5.

Contestants

[<< previous game]

Ashok Poozhikunnel, an underwriter from Wheaton, Illinois

Dave Leach, a game merchant from Atlanta, Georgia

Patrick Quinn, a high school German teacher from Chesterfield, Missouri

[next game >>]

Jeopardy! Round responses

WHO'S ON FIRST?
SAY "LA-V"
(Alex: Each correct response will begin with those three letters, in that order.)
HOUSEHOLD HINTS
TILE LAND
COMPUTER LINGO
THE FUTURE
(Al Gore: I'm Al Gore, and that's the title of my new book about what's driving the enormous changes reshaping our civilization, our planet, and ourselves.)
    $200 1
Chance

Patrick
    $200 21
lavish

Dave
    $200 10
(Dave: What is a microwave?)
...
(Alex: Put it in [*] to harden it; easy then to scrape it off.)

the freezer

Dave
Triple Stumper
    $200 6
(William Randolph) Hearst

Ashok
    $200 26
an operating system

Ashok
    $200 8
China

Dave
    $400 3
(Lou) Gehrig

Patrick
    $400 22
lavender

Ashok
    $400 11
corn syrup

Patrick
    $400 7
(Dave: What is St. Paul's?)

Westminster Abbey

PatrickDave
    $400 27
hypertext

Patrick
    $400 17
carbon dioxide

Dave
    $600 5
Mark McGwire

Dave
    $600 23
(Antoine) Lavoisier

Dave
    $600 12
algae

Patrick
    $600 9
Istanbul

Patrick
    $600 28
a bot

Triple Stumper
    $600 18
(Dave: What is globalization?)
(Alex: Globalization? Be a little more specific, if you will.)
(Dave: Uh... what is industrial globalization?)
(Alex: No, that's not enough, I'm afraid.)
...
(Alex: [*], that's the--the key word here.)

outsourcing

PatrickDave
    $800 2
(Ryan) Howard

Ashok
    $800 24
(Alex: [*], Rod [*].)

Laver

Dave
    $800 13
rice

Ashok
    $800 15
the Alhambra

Dave
    $800 29
video graphics

Dave
    $1,000 19
(Alex: So the former Vice President gets to deliver a very important clue. You are now in the lead, Patrick.)

topsoil

Patrick
    $1000 4
(Keith) Hernandez

Ashok
    $1000 25
lavash

Patrick
    $1000 14
acetone

Dave
    $1000 16
Iran

Triple Stumper
    $1000 30
(Patrick: [No response])
(Alex: Oh, drawing a blank.)
(Dave: What is Postscript document format?)
...
(Alex: Patrick, is that where you were, aiming for, and you had a little block?)
(Patrick: I used to teach that.)
(Alex: Oh.)
[Laughter from everyone]

portable document format

PatrickDave
Triple Stumper
    $1000 20
thermodynamics

Ashok

Scores at the first commercial break (after clue 15):

Patrick Dave Ashok
$2,600 $2,000 $2,800

Scores at the end of the Jeopardy! Round:

Patrick Dave Ashok
$4,600 $3,200 $4,400

Double Jeopardy! Round responses

(Alex: We want you to name the husband in...)
BRIDES OF SHAKESPEARE
THE LIFE OF A GENIUS
G.I. JOES
THE BEGINNING, MIDDLE & END LETTER
THE WIZ
EASEL DOWN THE ROAD
    $400 1
Petruchio

Dave
    $400 6
your IQ

Dave
    $400 9
the Spanish-American War

Patrick
    $400 20
reservoir

Patrick
    $400 14
Gandalf

Ashok
    $400 21
Wall Street

Patrick
    $800 2
(Julius) Caesar

Patrick
    $800 7
fingerprints

Dave
    $800 10
Kennedy

Ashok
    $800 23
a pop-up

Ashok
    $800 15
The Sorcerer's Apprentice

Dave
    $800 22
Paris

Dave
    $1200 3
(Alex: Married to the dastardly [*].)

Iago

Triple Stumper
    $2,500 8
Bell Labs

Dave
    $1200 11
(Joe) Hooker

Ashok
    $1200 24
a treatment

Dave
    $1200 16
a dragon

Dave
    $1200 27
St. Paul

Ashok
    $1600 4
(Patrick: Who is Brutus?)

Mark Antony

Patrick
Triple Stumper
    $1600 19
cold fusion

Dave
    $1600 12
Sullivan

Dave
    $3,500 25
[Dave sighs and taps his fists.]
(Alex: Dave?)
(Dave: [Shakes head] No.)
(Alex: The letter is A; it starts with "A"--[*].)
(Dave: Oh, okay.)

alfalfa

Dave
    $1600 17
Jafar

Ashok
    $1600 28
the Appian Way

Dave
    $2000 5
(Patrick: Who is Oberon?)
...
(Alex: Who is [*], Duke of Athens?)
...
(Patrick: The right play.)

Theseus

Patrick
Triple Stumper
    $2000 30
Fields

Ashok
    $2000 13
Vinegar Joe Stilwell

Triple Stumper
    $2000 26
uhuru

Patrick
    $2000 18
Your Highness

Triple Stumper
    $2000 29
Paul Klee

Triple Stumper

Scores at the end of the Double Jeopardy! Round:

Patrick Dave Ashok
$5,000 $12,600 $12,400

Final Jeopardy! Round responses

THE NEW 7 WONDERS OF THE WORLD
PatrickWhat is the Christ in Rio de Janeiro?
$4,011
AshokWhat is the statue of Mary in Brazil?
$400
DaveWhat is Christ the Redeemer?
$2,500
Christ the Redeemer

Final scores:

Patrick Dave Ashok
$989 $15,100 $12,000
3rd place: $5,000 if eliminated Automatic semifinalist 2nd place: $5,000 if eliminated

Game dynamics:

Coryat scores:

Patrick Dave Ashok
$4,800 $14,800 $12,400
15 R
(including 1 DD),
3 W
20 R
(including 1 DD),
5 W
(including 1 DD)
14 R,
0 W

Combined Coryat: $32,000

[game clues] [game scores] [suggest correction]

Game tape date: 2013-01-15
The J! Archive is created by fans, for fans. Scraping, republication, monetization, and malicious use prohibited; this site may use cookies and collect identifying information. See terms. The Jeopardy! game show and all elements thereof, including but not limited to copyright and trademark thereto, are the property of Jeopardy Productions, Inc. and are protected under law. This website is not affiliated with, sponsored by, or operated by Jeopardy Productions, Inc. Join the discussion at JBoard.tv.